| 000 | 01010cam a2200277 a 4500 | ||
|---|---|---|---|
| 001 | 17136236 | ||
| 005 | 20170105102916.0 | ||
| 008 | 120126r20122011nyub 000 0 eng | ||
| 010 | _a 2011501957 | ||
| 020 | _a9780307476395 (pbk.) | ||
| 040 |
_aDLC _cDLC _dDLC |
||
| 042 | _apcc | ||
| 050 | 0 | 0 |
_aD863 _b.F75 2012 |
| 082 | 0 | 0 |
_a909.83/1 _223 |
| 100 | 1 | _aFriedman, George. | |
| 245 | 1 | 4 |
_aThe next decade : _bempire and republic in a changing world / _cGeorge Friedman. |
| 250 | _a1st Anchor books ed. | ||
| 260 |
_aNew York : _bAnchor Books, _c2012. |
||
| 300 |
_axxii, 243 p. : _bmaps ; _c20 cm. |
||
| 500 | _a"Originally published in hardcover in slightly different form in the United States by Doubleday, a division of Random House, Inc., New York, in 2011."--T.p. verso. | ||
| 500 | _aContains new preface. | ||
| 650 | 0 |
_aWorld politics _y21st century _xForecasting. |
|
| 906 |
_a7 _bcbc _corignew _d2 _encip _f20 _gy-gencatlg |
||
| 942 |
_2ddc _cBK |
||
| 999 |
_c15365 _d15365 |
||